Statistics for Nauru Airlines Destinations on a Map

Click here to take the quiz!

General Stats

  • This quiz has been taken 311 times
  • The average score is 7 of 10

Answers on the Map

Answers color-coded by a green-red scale on the quiz's map according to % correct below.
 

Answer Stats

Cities% Correct
Australia
86%
Brisbane
82%
Fiji
82%
Nauru
81%
Kiribati
75%
Marshall Islands
69%
Yaren
61%
Majuro
51%
Tarawa
49%
Nadi
43%

Score Distribution

Percentile by Number Answered

Percent of People with Each Score

Your Score History

You have not taken this quiz